[Event "Championnat de Lorraine 2013"]
[Site "Hayange"]
[Date "2013.05.17"]
[Round "1.12"]
[White "Espinosa, Enrique"]
[Black "Viel, Bruno"]
[Result "1-0"]
[WhiteElo "1970"]
[BlackElo "1535"]
[PlyCount "31"]
[EventDate "2013.??.??"]
[EventType "swiss"]
[EventRounds "6"]
[EventCountry "FRA"]
[SourceDate "2005.09.12"]

1. d4 g6 2. Nf3 Bg7 3. Bf4 Nf6 4. e3 d6 5. h3 a6 6. c4 Nh5 7. Bh2 c5 8. Be2
Qa5+ 9. Nc3 cxd4 10. exd4 Nc6 11. O-O e5 12. dxe5 dxe5 13. Qd6 Nf4 14. Bxf4
exf4 15. Nd5 Qd8 16. Nc7+ 1-0

[Event "Championnat de Lorraine 2013"]
[Site "Hayange"]
[Date "2013.05.17"]
[Round "1.17"]
[White "Berthier, Grant"]
[Black "Muller, Etienne"]
[Result "0-1"]
[WhiteElo "1470"]
[BlackElo "1903"]
[PlyCount "66"]
[EventDate "2013.??.??"]
[EventType "swiss"]
[EventRounds "6"]
[EventCountry "FRA"]
[SourceDate "2005.09.12"]

1. d4 Nf6 2. Bf4 c5 3. c3 g6 4. e3 Bg7 5. dxc5 O-O 6. Nf3 Nc6 7. Bd3 Nh5 8. Bg3
Nxg3 9. fxg3 Qa5 10. O-O Qxc5 11. Re1 d5 12. Nbd2 e5 13. Nb3 Qb6 14. Bc2 Ne7
15. Qd2 Bg4 16. Rab1 Rad8 17. Rbd1 Rfe8 18. Rc1 Nf5 19. Bxf5 Bxf5 20. Qd1 Bh6
21. Qe2 a5 22. Nh4 Be4 23. Na1 d4 24. cxd4 exd4 25. Rcd1 Bxe3+ 26. Kh1 Bc6 27.
h3 Bb5 28. Qf3 d3 29. Nb3 a4 30. Nd2 Bxd2 31. Rxe8+ Rxe8 32. Rxd2 Re1+ 33. Kh2
Qg1# 0-1

[Event "Championnat de Lorraine 2013"]
[Site "Hayange"]
[Date "2013.05.17"]
[Round "1.18"]
[White "Azorit, Louis"]
[Black "Bruckner, Christian"]
[Result "1-0"]
[WhiteElo "1894"]
[BlackElo "1440"]
[PlyCount "49"]
[EventDate "2013.??.??"]
[EventType "swiss"]
[EventRounds "6"]
[EventCountry "FRA"]
[SourceDate "2005.09.12"]

1. e4 d6 2. d4 Nf6 3. Nc3 c6 4. f4 Qa5 5. Bd2 Qb6 6. e5 Bg4 7. Be2 Bxe2 8.
Ngxe2 dxe5 9. fxe5 Nfd7 10. b4 e6 11. a3 Be7 12. Ne4 O-O 13. c4 Qd8 14. O-O f6
15. Bf4 Na6 16. Qb3 Nc7 17. Rad1 {Diagramme #} Qe8 18. exf6 Nd5 19. fxe7 Qxe7
20. cxd5 exd5 21. N4g3 Rae8 22. Qd3 Nb6 23. Be5 Rxf1+ 24. Rxf1 Qg5 25. Qf5 1-0

[Event "Championnat de Lorraine 2013"]
[Site "Hayange"]
[Date "2013.05.17"]
[Round "1.33"]
[White "Kaichinger, Paul"]
[Black "Garnier, Mickael"]
[Result "0-1"]
[WhiteElo "1010"]
[BlackElo "1647"]
[PlyCount "90"]
[EventDate "2013.??.??"]
[EventType "swiss"]
[EventRounds "6"]
[EventCountry "FRA"]
[SourceDate "2005.09.12"]

1. g3 d5 2. Bg2 e6 3. Nf3 Nf6 4. O-O Nc6 5. d4 Bd7 6. Ne5 Be7 7. Nxd7 Nxd7 8.
e4 Nb6 9. Nc3 dxe4 10. Bxe4 Qd7 11. Bxc6 Qxc6 12. Qe2 O-O 13. Qe4 Qxe4 14. Nxe4
Rad8 15. c3 Rd7 16. Nc5 Bxc5 17. dxc5 Nc8 18. Bf4 c6 19. Rad1 Rfd8 {Diagramme #
} 20. Bc7 Rxd1 21. Bxd8 Rxd8 22. b4 Rd2 23. a4 Ne7 24. b5 Kf8 25. bxc6 Nxc6 26.
Ra1 Ke7 27. a5 a6 28. Ra4 Rc2 29. Rh4 h6 30. Rg4 g6 31. Ra4 Rxc3 32. f4 Rxc5
33. Kf2 Rxa5 34. Rxa5 Nxa5 35. Ke3 Kd6 36. Kd4 b5 37. Kc3 Kc5 38. Kb2 Kb4 39.
Ka2 Kc3 40. Ka3 b4+ 41. Ka2 Kc2 42. Ka1 b3 43. g4 b2+ 44. Ka2 b1=Q+ 45. Ka3
Qb3# 0-1

[Event "Championnat de Lorraine 2013"]
[Site "Hayange"]
[Date "2013.05.17"]
[Round "1.34"]
[White "Pucher, Daniel"]
[Black "Racine, Eliane"]
[Result "1-0"]
[WhiteElo "1645"]
[BlackElo "1010"]
[PlyCount "51"]
[EventDate "2013.??.??"]
[EventType "swiss"]
[EventRounds "6"]
[EventCountry "FRA"]
[SourceDate "2005.09.12"]

1. Nf3 e6 2. b3 Nc6 3. Bb2 b6 4. e3 d5 5. Bb5 Bd7 6. O-O Bd6 7. Bxg7 Be5 8.
Nxe5 Qg5 9. Bxh8 O-O-O 10. Nxc6 Ne7 11. Nxd8 Qg8 12. Bxd7+ Kxd7 13. Nxf7 Qxf7
14. Be5 c6 15. Qg4 h5 16. Qa4 a5 17. Nc3 Ng6 18. f4 Nh4 19. Ne2 Qg8 20. Ng3 Ng6
21. Nxh5 Qe8 22. Nf6+ Ke7 23. Nxe8 Kxe8 24. Qxc6+ Kf7 25. Qd7+ Kg8 26. Qg7# 1-0

[Event "Championnat de Lorraine 2013"]
[Site "Hayange"]
[Date "2013.05.18"]
[Round "2.1"]
[White "Pucher, Sebastien"]
[Black "Azorit, Louis"]
[Result "1-0"]
[WhiteElo "2244"]
[BlackElo "1894"]
[PlyCount "131"]
[EventDate "2013.??.??"]
[EventType "swiss"]
[EventRounds "6"]
[EventCountry "FRA"]
[SourceDate "2005.09.12"]

1. Nf3 Nf6 2. c4 e6 3. g3 b6 4. Bg2 Bb7 5. O-O Be7 6. b3 O-O 7. Bb2 c5 8. e3 d6
9. Nc3 Nbd7 10. Qe2 Qc7 11. Nh4 Bxg2 12. Nxg2 Qc6 13. d3 a6 14. f4 b5 15. g4 b4
16. Nd1 Ne8 17. g5 f5 18. Nf2 g6 19. e4 Rf7 20. exf5 exf5 21. d4 cxd4 22. Bxd4
Bf8 23. Rad1 Re7 24. Qd2 a5 25. Rfe1 Rxe1+ 26. Rxe1 Nc7 27. Ba1 {Diagramme #}
Re8 28. Qd4 Rxe1+ 29. Nxe1 Ne6 30. Qh8+ Kf7 31. Qxh7+ Bg7 32. Bxg7 Nxg7 33. Qh3
Nh5 34. Qe3 Nc5 35. Kf1 Qe8 36. Qd4 Qe6 37. Ng2 Ne4 38. Nxe4 fxe4 39. Kf2 Qf5
40. Qd5+ Ke7 {(=)} 41. Qxf5 gxf5 42. Ke3 Ke6 43. Kd4 Ng7 44. Ne3 Nh5 45. Nd5
Kd7 46. Ke3 Ke6 47. Nc7+ Kd7 48. Nb5 Ke7 49. Nd4 Ng7 50. h4 d5 51. cxd5 Kd6 52.
Nxf5+ Nxf5+ 53. Kxe4 Nxh4 54. f5 Ke7 55. f6+ Kd6 {(=)} 56. Kf4 Kxd5 57. Kg4 Ng6
58. Kf5 Nh4+ 59. Kg4 Ng6 60. Kh5 Nf4+ 61. Kh6 Ke6 62. g6 Kxf6 63. g7 Kf7 64.
Kh7 Nh5 65. g8=Q+ Ke7 66. Qg5+ 1-0

[Event "Championnat de Lorraine 2013"]
[Site "Hayange"]
[Date "2013.05.18"]
[Round "2.3"]
[White "Colson, Arnaud"]
[Black "Santamarianova, Fabrice"]
[Result "1-0"]
[WhiteElo "2103"]
[BlackElo "1858"]
[PlyCount "67"]
[EventDate "2013.??.??"]
[EventType "swiss"]
[EventRounds "6"]
[EventCountry "FRA"]
[SourceDate "2005.09.12"]

1. d4 b6 2. e4 Bb7 3. Bd3 e6 4. Nf3 d6 5. O-O g6 6. Bg5 Ne7 7. Bf6 Rg8 8. Qe2
Nd7 9. Bh4 h6 10. Nbd2 g5 11. Bg3 Ng6 12. Ba6 Qb8 13. a4 Bxa6 14. Qxa6 Qc8 15.
Qe2 a5 16. d5 e5 17. c3 Be7 18. b4 h5 19. h3 g4 20. hxg4 hxg4 21. Nh2 Nf6 22.
Rfe1 Nf4 23. Bxf4 exf4 24. e5 Nxd5 25. exd6 {Diagramme #} cxd6 26. Qb5+ Kf8 27.
Qxd5 g3 28. fxg3 Rxg3 29. Re4 Rg5 30. Qd3 axb4 31. cxb4 Qb7 32. Nhf3 Qc7 33.
Nxg5 Bxg5 34. Qd5 1-0

[Event "Championnat de Lorraine 2013"]
[Site "Hayange"]
[Date "2013.05.18"]
[Round "2.4"]
[White "Muller, Christophe"]
[Black "Carrillo, Jesus"]
[Result "0-1"]
[WhiteElo "1838"]
[BlackElo "2102"]
[PlyCount "69"]
[EventDate "2013.??.??"]
[EventType "swiss"]
[EventRounds "6"]
[EventCountry "FRA"]
[SourceDate "2005.09.12"]

1. d4 Nf6 2. c4 g6 3. Nc3 Bg7 4. e4 d6 5. Be2 O-O 6. Nf3 Na6 7. O-O Qe8 8. a3
e5 9. d5 Nc5 10. Qc2 a5 11. Be3 a4 12. Bxc5 dxc5 13. Nb5 Qe7 14. Rad1 Ne8 15.
Ne1 f5 16. Bf3 Ra6 17. Nd3 Nf6 18. Rfe1 fxe4 19. Bxe4 Nxe4 20. Rxe4 Bf5 21. Re3
e4 22. Nf4 Bh6 {Diagramme #} 23. Ne6 Bxe6 24. Qxe4 Bxe3 25. Qxe3 Qd7 26. Re1
Bf5 27. Qxc5 Rf7 28. Re5 Qd8 29. f3 Raf6 30. Qe3 Rf8 31. Nd4 Qd6 32. g4 Bd7 33.
Kg2 Qb6 34. Qc3 Rf4 35. c5 0-1

[Event "Championnat de Lorraine 2013"]
[Site "Hayange"]
[Date "2013.05.18"]
[Round "2.10"]
[White "Roby, Simon"]
[Black "Steininger, Denis"]
[Result "0-1"]
[WhiteElo "1688"]
[BlackElo "1980"]
[PlyCount "54"]
[EventDate "2013.??.??"]
[EventType "swiss"]
[EventRounds "6"]
[EventCountry "FRA"]
[SourceDate "2005.09.12"]

1. e4 Nc6 2. d4 e5 3. d5 Nce7 4. c4 Ng6 5. Be3 Nf6 6. Bd3 Bb4+ 7. Nd2 Nh4 8.
Kf1 O-O 9. a3 Be7 10. Ndf3 Ng4 11. Qd2 Nxe3+ 12. Qxe3 b6 13. g3 Nxf3 14. Nxf3
Bc5 15. Qg5 f6 16. Qd2 a5 17. Kg2 a4 18. h4 d6 19. h5 f5 20. Raf1 Qe7 21. h6 g6
22. Qg5 Qf7 {Diagramme #} 23. Nh4 fxe4 24. Bxe4 Qxf2+ 25. Rxf2 Rxf2+ 26. Kg1
Rf5+ 27. Kg2 Rxg5 0-1

[Event "Championnat de Lorraine 2013"]
[Site "Hayange"]
[Date "2013.05.18"]
[Round "2.14"]
[White "Zienkiewicz, Geoffroy"]
[Black "Pucher, Daniel"]
[Result "1-0"]
[WhiteElo "1922"]
[BlackElo "1645"]
[PlyCount "68"]
[EventDate "2013.??.??"]
[EventType "swiss"]
[EventRounds "6"]
[EventCountry "FRA"]
[SourceDate "2005.09.12"]

1. d4 d5 2. Bg5 Bf5 3. e3 Nd7 4. c4 c6 5. cxd5 Qa5+ 6. Nc3 cxd5 7. Nf3 Ngf6 8.
Nd2 Ne4 9. Ndxe4 Bxe4 10. Bb5 Bxg2 11. Bxd7+ Kxd7 12. Qg4+ e6 13. Qxg2 Bb4 14.
O-O f6 15. Bh4 g5 16. Bg3 h5 17. f3 Bxc3 18. bxc3 Qxc3 19. Qe2 Rac8 20. Rab1 b6
21. Be1 Qc7 22. Bg3 Qb7 23. Qb5+ Ke7 24. Rfc1 h4 25. Be1 Kf7 26. a4 Rc4 27.
Rxc4 dxc4 28. e4 Rc8 29. Bc3 Rc6 {Diagramme #} 30. d5 exd5 31. Qxd5+ Kg7 32.
Qxg5+ Kf7 33. Qh5+ Kg8 34. Kf2 Rc5 1-0

[Event "Championnat de Lorraine 2013"]
[Site "Hayange"]
[Date "2013.05.18"]
[Round "2.15"]
[White "Garnier, Mickael"]
[Black "Mitrovic, Slobodan"]
[Result "0-1"]
[WhiteElo "1647"]
[BlackElo "1910"]
[PlyCount "24"]
[EventDate "2013.??.??"]
[EventType "swiss"]
[EventRounds "6"]
[EventCountry "FRA"]
[SourceDate "2005.09.12"]

1. e4 e5 2. Nf3 Nc6 3. d4 exd4 4. Nxd4 Qh4 5. Qd3 Nf6 6. Nb5 Kd8 7. N1c3 Bb4 8.
Bd2 Bxc3 9. Nxc3 Nb4 10. Qc4 Nxc2+ 11. Ke2 Nxa1 12. Nb5 Qxe4+ 0-1

[Event "Championnat de Lorraine 2013"]
[Site "Hayange"]
[Date "2013.05.18"]
[Round "2.16"]
[White "Schweitzer, Marc"]
[Black "Boquel, Claude"]
[Result "1-0"]
[WhiteElo "1954"]
[BlackElo "1433"]
[PlyCount "77"]
[EventDate "2013.??.??"]
[EventType "swiss"]
[EventRounds "6"]
[EventCountry "FRA"]
[SourceDate "2005.09.12"]

1. d4 d5 2. Nf3 g6 3. g3 Nf6 4. Bg2 Bg7 5. O-O O-O 6. c4 c6 7. Ne5 Nfd7 8. Nxd7
Qxd7 9. c5 b6 10. cxb6 axb6 11. Nc3 Ba6 12. Re1 Qg4 13. e4 Qxd1 14. Rxd1 e6 15.
exd5 exd5 16. Be3 Nd7 17. b4 Bc4 18. a4 b5 19. axb5 Rxa1 20. Rxa1 Bxb5 21. Nxb5
cxb5 22. Bxd5 Rd8 23. Ra8 Rxa8 24. Bxa8 Bf8 25. Bc6 {Diagramme #} Bxb4 26. Bxd7
Bd6 27. Bxb5 Kf8 28. Kf1 Ke7 29. Ke2 f5 30. f4 Bc7 31. Kd3 Kf6 32. d5 Bd6 33.
Kc4 h6 34. Bc5 Ke7 35. Bxd6+ Kxd6 36. Kd4 g5 37. Bd3 gxf4 38. gxf4 Ke7 39. Bxf5
1-0

[Event "Championnat de Lorraine 2013"]
[Site "Hayange"]
[Date "2013.05.18"]
[Round "2.18"]
[White "Mohit-Rodriguez, Dario"]
[Black "Raulin, Frederic"]
[Result "0-1"]
[WhiteElo "1440"]
[BlackElo "1530"]
[PlyCount "72"]
[EventDate "2013.??.??"]
[EventType "swiss"]
[EventRounds "6"]
[EventCountry "FRA"]
[SourceDate "2005.09.12"]

1. e4 e5 2. Nf3 Nc6 3. Bc4 Bc5 4. c3 Nf6 5. d4 exd4 6. cxd4 Bb4+ 7. Nc3 Nxe4 8.
O-O Bxc3 9. bxc3 d5 10. Bd3 O-O 11. c4 Nf6 12. cxd5 Qxd5 13. Qb3 Nxd4 14. Qxd5
Nxd5 15. Nxd4 Nb4 16. Bf5 Re8 17. Ba3 a5 18. Bxc8 Raxc8 19. Bxb4 axb4 20. Nb5
Re5 21. Nd4 c5 22. Nf3 Re2 23. Rfe1 Rc2 24. h3 f6 25. Re7 Ra8 26. Kh2 Rxf2 {
Diagramme #} 27. Rc1 b6 28. Rb7 Raxa2 29. Rd1 h5 30. Rdd7 Rxg2+ 31. Kh1 Rg3 32.
Ne1 Rxh3+ 33. Kg1 Rg3+ 34. Kf1 c4 35. Rxb6 b3 36. Rc7 Rh3 0-1

[Event "Championnat de Lorraine 2013"]
[Site "Hayange"]
[Date "2013.05.18"]
[Round "2.26"]
[White "Pavade, Mathias"]
[Black "Staeger, Jean Charles"]
[Result "0-1"]
[WhiteElo "1390"]
[BlackElo "1596"]
[PlyCount "86"]
[EventDate "2013.??.??"]
[EventType "swiss"]
[EventRounds "6"]
[EventCountry "FRA"]
[SourceDate "2005.09.12"]

1. e4 c5 2. Nf3 d6 3. Nc3 g6 4. d3 Bg7 5. Be3 Nc6 6. Qc1 Bg4 7. Be2 Bxf3 8.
Bxf3 Ne5 9. Be2 Qd7 10. g3 Ng4 11. Bxg4 Qxg4 12. Nd5 Rc8 13. Rb1 Qf3 14. Rg1
Bd4 15. Bxd4 cxd4 16. b3 Nf6 17. Nxf6+ Qxf6 18. Qf4 {Diagramme #} Qxf4 19. gxf4
Rxc2 20. Ra1 O-O 21. Kf1 Rfc8 22. Rg3 Rc1+ 23. Rxc1 Rxc1+ 24. Kg2 Rc2 25. a3
Rc3 26. e5 dxe5 27. fxe5 Rxb3 28. h4 e6 29. h5 Kg7 30. hxg6 hxg6 31. Kf1 Rxa3
32. Ke2 Ra2+ 33. Kf3 b5 34. Rg1 a5 35. Rb1 b4 36. Kg2 Ra3 37. Rd1 Rc3 38. Kf3
b3 39. Ke4 b2 40. Rb1 Rc2 41. Kxd4 a4 42. Ke3 a3 43. d4 a2 0-1

[Event "Championnat de Lorraine 2013"]
[Site "Hayange"]
[Date "2013.05.18"]
[Round "2.28"]
[White "Pierrot, Philippe"]
[Black "Peyronnie, Nicolas"]
[Result "1-0"]
[WhiteElo "1575"]
[BlackElo "1320"]
[PlyCount "87"]
[EventDate "2013.??.??"]
[EventType "swiss"]
[EventRounds "6"]
[EventCountry "FRA"]
[SourceDate "2005.09.12"]

1. e4 e5 2. Nf3 Nc6 3. Bc4 h6 4. d4 d6 5. dxe5 Nxe5 6. Nxe5 dxe5 7. Bxf7+ Ke7
8. Qxd8+ Kxd8 9. O-O Nf6 10. Nc3 Bd7 11. a3 Bd6 12. Be3 Ke7 13. Bg6 b6 14. Nd5+
Kd8 15. Nxf6 gxf6 16. Rad1 Ke7 17. f4 Rhg8 18. f5 Rh8 19. Rf3 Bc6 20. Rh3 Bc5 {
(=)} 21. Bxc5+ bxc5 22. Re3 Rad8 23. Bh5 Rxd1+ 24. Bxd1 Rd8 25. Bf3 Rd2 26. Rc3
Kd6 27. Rd3+ Rxd3 28. cxd3 Bb5 29. Be2 Kc6 30. Kf2 Kb6 31. Ke3 Ka5 32. Kd2 Ka4
33. Kc3 Ka5 34. Bh5 Ka4 35. Bf7 Ka5 36. g4 Ka4 37. h4 Ka5 {Diagramme #} 38. g5
hxg5 39. hxg5 fxg5 40. Bh5 Be8 41. Bxe8 g4 42. Bh5 g3 43. Bf3 Kb6 44. f6 1-0

[Event "Championnat de Lorraine 2013"]
[Site "Hayange"]
[Date "2013.05.18"]
[Round "2.29"]
[White "Stephenne, Eric"]
[Black "Morvrange, Alexandre"]
[Result "0-1"]
[WhiteElo "1270"]
[BlackElo "1572"]
[PlyCount "62"]
[EventDate "2013.??.??"]
[EventType "swiss"]
[EventRounds "6"]
[EventCountry "FRA"]
[SourceDate "2005.09.12"]

1. e4 d5 2. e5 c5 3. d4 e6 4. Nf3 a6 5. b3 Nc6 6. Bd3 cxd4 7. O-O Bc5 8. a3
Nge7 9. Bg5 Qc7 10. Bxe7 Qxe7 11. b4 Ba7 12. b5 axb5 13. Bxb5 Qc5 14. Bxc6+
bxc6 15. Qd3 Qb6 {Diagramme #} 16. c3 Ba6 17. Qd2 Bxf1 18. Kxf1 dxc3 19. Nxc3
O-O 20. Na4 Qb5+ 21. Kg1 Qxa4 22. Ng5 Qd4 23. Nf3 Qxa1+ 24. Ne1 Rab8 25. g3 Rb2
26. Qf4 Qxe1+ 27. Kg2 Rxf2+ 28. Kh3 Rxf4 29. gxf4 Qg1 30. f5 h5 31. fxe6 Qg4#
0-1

[Event "Championnat de Lorraine 2013"]
[Site "Hayange"]
[Date "2013.05.18"]
[Round "2.31"]
[White "Pojer Staeger, Leo"]
[Black "Tenenbaum, Rosine"]
[Result "0-1"]
[WhiteElo "1030"]
[BlackElo "1536"]
[PlyCount "50"]
[EventDate "2013.??.??"]
[EventType "swiss"]
[EventRounds "6"]
[EventCountry "FRA"]
[SourceDate "2005.09.12"]

1. e4 d6 2. Nf3 Bg4 3. Bc4 Nf6 4. Nc3 c6 5. d4 Nbd7 6. d5 Ne5 7. Be2 Bxf3 8.
Bxf3 g6 9. dxc6 bxc6 10. O-O Bg7 11. Bg5 O-O 12. Bxf6 Bxf6 13. Bg4 Rb8 {
Diagramme #} 14. b3 Nxg4 15. Qxg4 Bxc3 16. Rad1 Qa5 17. a4 Rb4 18. Rd3 f5 19.
exf5 Rxg4 20. fxg6 Rxg6 21. Re3 Rf7 22. Rd1 Qh5 23. f3 Be5 24. h3 Qg5 25. Rd2
Qxe3+ 0-1

[Event "Championnat de Lorraine 2013"]
[Site "Hayange"]
[Date "2013.05.18"]
[Round "2.33"]
[White "Prum, Suzanne"]
[Black "Kaichinger, Paul"]
[Result "1-0"]
[WhiteElo "1499"]
[BlackElo "1010"]
[PlyCount "47"]
[EventDate "2013.??.??"]
[EventType "swiss"]
[EventRounds "6"]
[EventCountry "FRA"]
[SourceDate "2005.09.12"]

1. d4 b6 2. e4 g6 3. Nf3 Bg7 4. Bc4 e6 5. e5 d5 6. Bb3 Ne7 7. O-O Ba6 8. Re1
O-O 9. c3 Nbc6 10. Bg5 Na5 11. Bc2 Nc4 12. Qc1 Re8 13. b3 Na5 14. Bf6 Bxf6 15.
exf6 Nec6 16. Qg5 Kh8 17. Ne5 Nxe5 18. dxe5 c5 19. Qh6 Rg8 20. Re3 Qf8 21. Qh4
h6 22. Rh3 Kh7 23. g4 Qe8 24. Qxh6# 1-0

[Event "Championnat de Lorraine 2013"]
[Site "Hayange"]
[Date "2013.05.19"]
[Round "3.1"]
[White "Durando, Didier"]
[Black "Pucher, Sebastien"]
[Result "1/2-1/2"]
[WhiteElo "2015"]
[BlackElo "2244"]
[PlyCount "114"]
[EventDate "2013.??.??"]
[EventType "swiss"]
[EventRounds "6"]
[EventCountry "FRA"]
[SourceDate "2005.09.12"]

1. d4 Nf6 2. c4 e6 3. Nc3 d5 4. cxd5 exd5 5. Bg5 Nbd7 6. e3 c6 7. Bd3 Be7 8.
Nf3 Nh5 9. Bxe7 Qxe7 10. O-O O-O 11. e4 dxe4 12. Nxe4 Ndf6 13. Re1 Nxe4 14.
Bxe4 Qf6 15. Qc2 g6 16. d5 cxd5 17. Bxd5 Bf5 18. Qb3 Nf4 19. Be4 Bxe4 20. Rxe4
Ne6 21. Qb5 Rac8 22. Qe2 Rfd8 23. Re1 Rc7 24. b3 Rdc8 25. Rc4 Rxc4 26. bxc4 Rc7
27. Ne5 Nc5 28. Ng4 Qc3 29. Qe8+ Kg7 30. h3 Ne6 31. Re3 Qc1+ 32. Kh2 Qxc4 33.
Rf3 Qc6 34. Nf6 Qd6+ 35. g3 Nf8 36. Qe3 Re7 {Diagramme #} 37. Ne8+ Rxe8 38.
Qxe8 Qd5 39. Qe2 Ne6 40. Rd3 Qc6 41. Qe5+ Kg8 42. Qb8+ Kg7 43. Qxa7 h5 44. Qe3
Kg8 45. Rc3 Qd5 46. Rc8+ Kh7 47. Qc3 Nd4 48. Rc5 Nf3+ 49. Kg2 Nh4+ 50. Kf1 Qg2+
51. Ke2 Nf5 52. Rc8 Qe4+ 53. Kf1 Qh1+ 54. Ke2 Qe4+ 55. Kd2 Qd5+ 56. Ke1 Qh1+
57. Ke2 Qe4+ 1/2-1/2

[Event "Championnat de Lorraine 2013"]
[Site "Hayange"]
[Date "2013.05.18"]
[Round "3.2"]
[White "Steininger, Denis"]
[Black "Colson, Arnaud"]
[Result "1-0"]
[WhiteElo "1980"]
[BlackElo "2103"]
[PlyCount "51"]
[EventDate "2013.??.??"]
[EventType "swiss"]
[EventRounds "6"]
[EventCountry "FRA"]
[SourceDate "2005.09.12"]

1. e4 Nf6 2. e5 Nd5 3. d4 d6 4. Nf3 dxe5 5. dxe5 Bg4 6. c4 Nb6 7. Qxd8+ Kxd8 8.
Ng5 Ke8 9. h3 Bf5 10. g4 Bxb1 11. Rxb1 e6 12. Bg2 Bb4+ 13. Ke2 c6 14. b3 N8d7
15. f4 a5 16. Rd1 Be7 17. Ne4 Nc5 18. Nd6+ Bxd6 19. Rxd6 {Diagramme #} Nc8 20.
Rxc6 Na6 21. Rxc8+ Rxc8 22. Bxb7 Rc7 23. Bxa6 h5 24. g5 f6 25. Be3 fxe5 26. Bb6
1-0

[Event "Championnat de Lorraine 2013"]
[Site "Hayange"]
[Date "2013.05.19"]
[Round "3.3"]
[White "Carrillo, Jesus"]
[Black "Zienkiewicz, Geoffroy"]
[Result "1-0"]
[WhiteElo "2102"]
[BlackElo "1922"]
[PlyCount "55"]
[EventDate "2013.??.??"]
[EventType "swiss"]
[EventRounds "6"]
[EventCountry "FRA"]
[SourceDate "2005.09.12"]

1. e4 c6 2. d4 d5 3. exd5 cxd5 4. c4 Nf6 5. Nc3 Nc6 6. Bg5 dxc4 7. d5 Na5 8.
Bxc4 Nxc4 9. Qa4+ Bd7 10. Qxc4 b5 11. Qb3 Qa5 12. Nf3 b4 13. Bxf6 gxf6 14. Ne4
f5 15. Ned2 Bg7 16. O-O O-O 17. Rfe1 e6 18. Nc4 Qxd5 19. Red1 Ba4 20. Qxa4 Qxc4
21. Rac1 Qf4 22. b3 Bc3 {Diagramme #} 23. Rxc3 Rac8 (23... bxc3 24. Qxf4) 24.
Rxc8 Rxc8 25. Qd7 Rc1 26. h4 Rxd1+ 27. Qxd1 e5 28. Qd8+ 1-0

[Event "Championnat de Lorraine 2013"]
[Site "Hayange"]
[Date "2013.05.18"]
[Round "3.4"]
[White "Mitrovic, Slobodan"]
[Black "Staeger, Pascal"]
[Result "0-1"]
[WhiteElo "1910"]
[BlackElo "2078"]
[PlyCount "76"]
[EventDate "2013.??.??"]
[EventType "swiss"]
[EventRounds "6"]
[EventCountry "FRA"]
[SourceDate "2005.09.12"]

1. e4 d5 2. exd5 Qxd5 3. Nc3 Qd6 4. d4 Nf6 5. Bd3 a6 6. Nge2 e6 7. Bf4 Qd8 8.
Ne4 Nbd7 9. c3 Nxe4 10. Bxe4 Nf6 11. Bc2 Bd7 12. Ng3 Bc6 13. f3 Nd5 14. Bd2 Qh4
15. Qe2 Bd6 16. Qf2 Nf4 17. O-O-O O-O-O 18. Kb1 Kb8 19. Bxf4 Bxf4 20. Be4 Bxg3
21. hxg3 Bxe4+ 22. fxe4 Qxe4+ 23. Ka1 f6 24. Rde1 Qc6 25. Re3 Rde8 26. Rhe1
Rhf8 27. Qc2 e5 28. dxe5 Rxe5 29. Rxe5 fxe5 30. Qxh7 Qxg2 31. Qxg7 Rf1 32. Qh8+
Ka7 {Diagramme #} 33. Qxe5 Qg1 34. Qd4+ Qxd4 35. Rxf1 Qg4 36. a3 Qxg3 37. Rd1
Qf3 38. Rd2 Kb6 0-1

[Event "Championnat de Lorraine 2013"]
[Site "Hayange"]
[Date "2013.05.18"]
[Round "3.6"]
[White "Hisler, Thomas"]
[Black "Greiner, Leon"]
[Result "1-0"]
[WhiteElo "2199"]
[BlackElo "1650"]
[PlyCount "39"]
[EventDate "2013.??.??"]
[EventType "swiss"]
[EventRounds "6"]
[EventCountry "FRA"]
[SourceDate "2005.09.12"]

1. e4 c6 2. c4 d5 3. cxd5 cxd5 4. exd5 Qxd5 5. Nc3 Qd8 6. Nf3 Nf6 7. d4 e6 8.
Bc4 Be7 9. O-O O-O 10. Re1 Nbd7 11. Bf4 a6 12. Bb3 Nb6 13. Ne5 Nbd5 14. Bg3 Bb4
15. Qf3 Bd7 16. a3 Ba5 17. Bh4 {Diagramme #} Qe8 18. Nxd5 Nxd5 19. Bxd5 exd5
20. b4 1-0

[Event "Championnat de Lorraine 2013"]
[Site "Hayange"]
[Date "2013.05.18"]
[Round "3.8"]
[White "Papini, Emmanuel"]
[Black "Schmitt, Gregory"]
[Result "1/2-1/2"]
[WhiteElo "1889"]
[BlackElo "2015"]
[PlyCount "59"]
[EventDate "2013.??.??"]
[EventType "swiss"]
[EventRounds "6"]
[EventCountry "FRA"]
[SourceDate "2005.09.12"]

1. e4 b6 2. d4 Bb7 3. Nc3 e6 4. a3 Nf6 5. f3 c5 6. Nce2 d5 7. e5 Nfd7 8. c3 Nc6
9. Be3 Ba6 10. Qa4 Qc8 11. b4 Bd3 12. Rc1 Be7 13. Nh3 O-O 14. Nf2 Bc4 15. Ng3
b5 16. Qc2 cxb4 17. Bxc4 bxc4 18. axb4 a5 19. bxa5 Rxa5 20. O-O Qa6 21. Qd1 Rb8
22. f4 g6 23. Qg4 Kf8 24. Qf3 Rb3 25. f5 gxf5 26. Qh5 Ke8 27. Qxh7 Nf8 28. Qg8
Raa3 29. Nd1 Kd7 30. Qxf7 {Diagramme #} 1/2-1/2

[Event "Championnat de Lorraine 2013"]
[Site "Hayange"]
[Date "2013.05.18"]
[Round "3.9"]
[White "Espinosa, Enrique"]
[Black "Malglaive, Jean Louis"]
[Result "1-0"]
[WhiteElo "1970"]
[BlackElo "1737"]
[PlyCount "59"]
[EventDate "2013.??.??"]
[EventType "swiss"]
[EventRounds "6"]
[EventCountry "FRA"]
[SourceDate "2005.09.12"]

1. d4 Nf6 2. Bf4 c5 3. e3 e6 4. c3 Nc6 5. Nd2 d5 6. Bd3 Bd7 7. Ngf3 Nh5 8. Bg3
Nxg3 9. hxg3 f5 10. Ne5 Nxe5 11. dxe5 Qc7 12. Nf3 g6 13. Qe2 Bg7 14. Bb5 Bc6
15. Ng5 Qxe5 16. Bxc6+ bxc6 17. Qa6 O-O 18. Qxc6 Rfe8 19. Qxc5 h6 20. Nf3 Qb8
21. Qa3 Qb6 22. O-O Rab8 23. Rab1 Rec8 24. Rfd1 Rc4 25. Nd4 a5 26. Qe7 Bxd4 27.
exd4 Qc6 28. Re1 Re8 29. Qf6 Kh7 30. Qf7+ {Diagramme #} (30. Qf7+ Kh8 31. Re5
Qc8 32. Qxg6 Rc7 33. Rbe1 Rce7 34. Qxh6+ Kg8 35. Qg6+ Rg7 36. Qxf5 exf5 37.
Rxe8+ Qxe8 38. Rxe8+ $18) 1-0

[Event "Championnat de Lorraine 2013"]
[Site "Hayange"]
[Date "2013.05.18"]
[Round "3.13"]
[White "Hartmann, Dominique"]
[Black "Henry, Maxime"]
[Result "1-0"]
[WhiteElo "1944"]
[BlackElo "1635"]
[PlyCount "43"]
[EventDate "2013.??.??"]
[EventType "swiss"]
[EventRounds "6"]
[EventCountry "FRA"]
[SourceDate "2005.09.12"]

1. c4 Nf6 2. Nc3 b6 3. e4 e5 4. g3 Bb7 5. Bg2 Bb4 6. Nge2 Nc6 7. O-O O-O 8. Nd5
Bc5 9. a3 a5 10. d3 Nd4 11. Bg5 Bxd5 12. exd5 h6 13. Bd2 Re8 14. Bc3 Nxe2+ 15.
Qxe2 Bd6 16. b4 axb4 17. axb4 {Diagramme #} e4 18. Rxa8 Qxa8 19. Bxf6 gxf6 20.
Qg4+ Kf8 21. Bxe4 Ke7 22. c5 1-0